ბათუმის შოთა რუსთაველის სახელმწიფო უნივერსიტეტის ბიბლიოთეკა

გადასახადები და აღრიცხვა. №8.2016. (ბიბ.ჩანაწერი № 51781)

000 -LEADER
fixed length control field 01448nam a2200217Ia 4500
001 - CONTROL NUMBER
control field 18773
003 - CONTROL NUMBER IDENTIFIER
control field GE_BSU
008 - FIXED-LENGTH DATA ELEMENTS--GENERAL INFORMATION
fixed length control field 181216s||||||||xx |||||||||||||| ||und||
040 ## - CATALOGING SOURCE
Transcribing agency GE_BSU
245 ## - TITLE STATEMENT
Title გადასახადები და აღრიცხვა. №8.2016.
245 ## - TITLE STATEMENT
Remainder of title ჟრნალი გვთავაზობს:აუდიტიურ და კონსალტინგურ მომსახურებას (საფინანსო-ეკონომიკური საქმიანობის სრულ ან შერჩევით შემოწმებას და ანალიზს)
245 ## - TITLE STATEMENT
Statement of responsibility, etc. რედ: კოტე უბირია,ექსპერტები:გონერ ურიდია,ჯემალ ძაგნიძე, მაია ნასარაია,და სხვ.
260 ## - PUBLICATION, DISTRIBUTION, ETC.
Place of publication, distribution, etc. თბილისი
260 ## - PUBLICATION, DISTRIBUTION, ETC.
Date of publication, distribution, etc. 2016
300 ## - PHYSICAL DESCRIPTION
Extent 54გვ;29სმ.
520 ## - SUMMARY, ETC.
Summary, etc. საკონსულტაციო-ანალიტიკური ჟურნალი
653 ## - INDEX TERM--UNCONTROLLED
Uncontrolled term გადასახადები და აღრიცხვა
653 ## - INDEX TERM--UNCONTROLLED
Uncontrolled term ეკონომიკა
653 ## - INDEX TERM--UNCONTROLLED
Uncontrolled term კანონმდებლობის მიმოხილვა, აღრიცხვა,ოფიციალური მასალები,ექსპერტის კონსულტაცია.
942 ## - ADDED ENTRY ELEMENTS (KOHA)
Koha item type პერიოდიკა
ეგზემპლარები
Withdrawn status Lost status Damaged status Not for loan Date acquired Barcode Date last seen Price effective from Koha item type
        2018-12-17 p77554 2018-12-17 2018-12-17 პერიოდიკა